[Event "Montcalm op 3 2011-12"]
[Site "Quebec CAN"]
[Date "2011.12.08"]
[Round "4"]
[White "Ripoll, Arthur"]
[Black "Langelier, Frederic"]
[Result "1-0"]
[WhiteElo "1481"]
[BlackElo "1207"]
[PlyCount "81"]
[GameId "2160767909573530"]
[EventDate "2011.11.17"]
[EventType "swiss"]
[EventRounds "5"]
[EventCountry "CAN"]
[SourceTitle "EXT 2022"]
[Source "ChessBase"]
[SourceDate "2021.10.06"]
[SourceVersion "1"]
[SourceVersionDate "2021.10.06"]
[SourceQuality "1"]

1. e4 c5 2. Nf3 d6 3. d4 Nf6 4. dxc5 Qa5+ 5. Bd2 Qxc5 6. Nc3 Ng4 7. Qe2 Be6 8. h3 Nf6 9. Be3 Qc6 10. Nd4 Qc8 11. Nxe6 Qxe6 12. Nb5 Qc8 13. Nxa7 Qd8 14. Qb5+ Qd7 15. Qxd7+ Nbxd7 16. Bd3 g6 17. O-O Bg7 18. b4 b6 19. Nc6 d5 20. e5 Ne4 21. Bd4 Ra3 22. e6 Bxd4 23. exd7+ Kxd7 24. Nxd4 Nc3 25. Nb5 Nxb5 26. Bxb5+ Kd6 27. Rfd1 Rc3 28. Ba4 Ra8 29. Bb3 e6 30. Rd3 Rac8 31. Rxc3 Rxc3 32. a4 d4 33. Rd1 e5 34. Rd3 Rxd3 35. cxd3 Kc6 36. Bxf7 g5 37. Kf1 Kd6 38. Ke2 e4 39. dxe4 Ke5 40. Kd3 Kf6 41. Bg8 1-0

[Event "Montcalm op 3 2011-12"]
[Site "Quebec CAN"]
[Date "2011.12.15"]
[Round "5"]
[White "Hines, Jason"]
[Black "Ripoll, Arthur"]
[Result "0-1"]
[WhiteElo "1233"]
[BlackElo "1481"]
[PlyCount "52"]
[GameId "2160767909573531"]
[EventDate "2011.11.17"]
[EventType "swiss"]
[EventRounds "5"]
[EventCountry "CAN"]
[SourceTitle "EXT 2022"]
[Source "ChessBase"]
[SourceDate "2021.10.06"]
[SourceVersion "1"]
[SourceVersionDate "2021.10.06"]
[SourceQuality "1"]

1. e4 e5 2. Nf3 Nc6 3. Bc4 Bc5 4. c3 Nf6 5. Qc2 O-O 6. O-O d6 7. Rd1 Bg4 8. Be2 h6 9. d4 exd4 10. cxd4 Bxf3 11. Bxf3 Nxd4 12. Qc3 Nxe4 13. Qd3 Nxf2 14. Kxf2 Qh4+ 15. Kf1 Qxh2 16. Be3 Nxf3 17. gxf3 Bxe3 18. Qxe3 Qh1+ 19. Qg1 Qxf3+ 20. Ke1 Rfe8+ 21. Kd2 Qf4+ 22. Kc2 Re2+ 23. Nd2 Qc4+ 24. Kb1 Qd3+ 25. Kc1 a5 26. Nb1 Qc2# 0-1

[Event "Montcalm op 4 2010-11"]
[Site "Quebec CAN"]
[Date "2011.01.13"]
[Round "1"]
[White "Auger, Bertrand"]
[Black "Caron, Sebastien"]
[Result "1/2-1/2"]
[WhiteElo "1935"]
[BlackElo "1928"]
[PlyCount "58"]
[GameId "2160767909821128"]
[EventDate "2011.01.13"]
[EventType "swiss"]
[EventRounds "5"]
[EventCountry "CAN"]
[SourceTitle "EXT 2022"]
[Source "ChessBase"]
[SourceDate "2021.10.06"]
[SourceVersion "1"]
[SourceVersionDate "2021.10.06"]
[SourceQuality "1"]

1. d4 f5 2. Nf3 Nf6 3. c4 g6 4. Nc3 Bg7 5. g3 O-O 6. Bg2 d6 7. O-O Qe8 8. d5 Na6 9. Bd2 Bd7 10. Rc1 h6 11. Qc2 c6 12. e4 fxe4 13. Nxe4 Nxe4 14. Qxe4 Bf5 15. Qe3 cxd5 16. cxd5 Bxb2 17. Qxh6 Bg7 18. Qe3 Nc5 19. Nd4 Bd7 20. Rfe1 Qf7 21. Ne6 Bxe6 22. dxe6 Qf5 23. Rc4 Rac8 24. Rf4 Qd3 25. Rxf8+ Rxf8 26. Rc1 Qxe3 27. Bxe3 b6 28. Bg5 Bf6 29. Bh6 Bg7 1/2-1/2

[Event "Montcalm op 4 2010-11"]
[Site "Quebec CAN"]
[Date "2011.01.13"]
[Round "1"]
[White "Cummins, Paul"]
[Black "Bourassa, Andre"]
[Result "1/2-1/2"]
[WhiteElo "1835"]
[BlackElo "1783"]
[PlyCount "50"]
[GameId "2160767909821130"]
[EventDate "2011.01.13"]
[EventType "swiss"]
[EventRounds "5"]
[EventCountry "CAN"]
[SourceTitle "EXT 2022"]
[Source "ChessBase"]
[SourceDate "2021.10.06"]
[SourceVersion "1"]
[SourceVersionDate "2021.10.06"]
[SourceQuality "1"]

1. e4 c5 2. Nf3 d6 3. d4 cxd4 4. Nxd4 Nf6 5. Nc3 a6 6. Be3 e5 7. Nb3 Be6 8. f3 Nbd7 9. Qd2 Nc5 10. Nd5 Nxd5 11. exd5 Nxb3 12. axb3 Bd7 13. Bd3 f5 14. Qf2 Be7 15. g3 O-O 16. Bb6 Qc8 17. O-O Bd8 18. b4 Bf6 19. c3 Qe8 20. Qc2 Bd8 21. Bf2 Bc7 22. Rfe1 Qh5 23. c4 Qxf3 24. Be2 Qe4 25. Qxe4 fxe4 1/2-1/2

[Event "Montcalm op 4 2010-11"]
[Site "Quebec CAN"]
[Date "2011.01.13"]
[Round "1"]
[White "Perron, Jonathan"]
[Black "Gaulin, Gaetan"]
[Result "1-0"]
[WhiteElo "2143"]
[BlackElo "1924"]
[PlyCount "77"]
[GameId "2160767909821131"]
[EventDate "2011.01.13"]
[EventType "swiss"]
[EventRounds "5"]
[EventCountry "CAN"]
[SourceTitle "EXT 2022"]
[Source "ChessBase"]
[SourceDate "2021.10.06"]
[SourceVersion "1"]
[SourceVersionDate "2021.10.06"]
[SourceQuality "1"]

1. e4 c5 2. Nf3 d6 3. Bb5+ Bd7 4. Bxd7+ Qxd7 5. c4 g6 6. Nc3 Bg7 7. d4 cxd4 8. Nxd4 Nc6 9. Be3 Nf6 10. f3 h5 11. O-O O-O 12. Qd2 Nxd4 13. Bxd4 Rfc8 14. b3 Kh7 15. Rad1 Rd8 16. Qf2 b6 17. e5 Ne8 18. f4 Qf5 19. Qe3 Nc7 20. Ne4 Ne6 21. Ng3 Qg4 22. h3 Qh4 23. Bc3 dxe5 24. fxe5 Rxd1 25. Rxd1 Bh6 26. Qf3 Rf8 27. Ne4 Ng5 28. Nxg5+ Qxg5 29. Qe4 Qe3+ 30. Qxe3 Bxe3+ 31. Kf1 Bg5 32. Rd7 Rc8 33. Bb4 a5 34. Bxe7 Bxe7 35. Rxe7 Kg8 36. Rd7 Rc6 37. Rd6 Rc5 38. Rxb6 Rxe5 39. Rb5 1-0

[Event "Montcalm op 4 2010-11"]
[Site "Quebec CAN"]
[Date "2011.01.20"]
[Round "2"]
[White "Gaulin, Gaetan"]
[Black "Caron, Sebastien"]
[Result "1/2-1/2"]
[WhiteElo "1924"]
[BlackElo "1928"]
[PlyCount "70"]
[GameId "2160767909821132"]
[EventDate "2011.01.13"]
[EventType "swiss"]
[EventRounds "5"]
[EventCountry "CAN"]
[SourceTitle "EXT 2022"]
[Source "ChessBase"]
[SourceDate "2021.10.06"]
[SourceVersion "1"]
[SourceVersionDate "2021.10.06"]
[SourceQuality "1"]

1. d4 f5 2. c4 Nf6 3. Nc3 g6 4. g3 Bg7 5. Bg2 O-O 6. Nf3 d6 7. O-O Qe8 8. d5 Na6 9. Nd4 Bd7 10. Rb1 c6 11. Bf4 h6 12. h4 Rc8 13. Qd2 Kh7 14. e4 fxe4 15. Nxe4 Nh5 16. Be3 cxd5 17. cxd5 b6 18. Rbc1 Nc7 19. Nc3 Nf6 20. Rfe1 Qf7 21. Nc2 Ng4 22. Bf4 e5 23. dxe6 Nxe6 24. Be3 Nc5 25. f4 Bf5 26. Nb4 Nxe3 27. Rxe3 Qc4 28. Ncd5 Qd4 29. Rd1 Qxb2 30. Qxb2 Bxb2 31. Re7+ Kh8 32. Rxa7 Ne4 33. Ne7 Rc1 34. Rxc1 Bxc1 35. Kh2 Nf6 1/2-1/2

[Event "Montcalm op 4 2010-11"]
[Site "Quebec CAN"]
[Date "2011.01.20"]
[Round "2"]
[White "Lamontagne, Danny"]
[Black "Bourassa, Andre"]
[Result "1/2-1/2"]
[WhiteElo "1710"]
[BlackElo "1783"]
[PlyCount "101"]
[GameId "2160767909821133"]
[EventDate "2011.01.13"]
[EventType "swiss"]
[EventRounds "5"]
[EventCountry "CAN"]
[SourceTitle "EXT 2022"]
[Source "ChessBase"]
[SourceDate "2021.10.06"]
[SourceVersion "1"]
[SourceVersionDate "2021.10.06"]
[SourceQuality "1"]

1. e4 c5 2. Ne2 Nc6 3. Nbc3 Nf6 4. g3 Nd4 5. Bg2 e5 6. d3 d6 7. O-O Be7 8. h3 O-O 9. Nd5 Nxe2+ 10. Qxe2 Nxd5 11. exd5 f5 12. f4 Bf6 13. c3 Re8 14. Qh5 g6 15. Qh6 Bg7 16. Qg5 Qb6 17. Kh2 Kf7 18. Qh4 Bf6 19. Qxh7+ Bg7 20. fxe5 dxe5 21. Qh4 Bd7 22. a4 Rh8 23. Qc4 Qd6 24. Qb3 b6 25. Bd2 Bf6 26. Rae1 g5 27. c4 Rh7 28. Re2 Rah8 29. Kg1 e4 30. dxe4 Bd4+ 31. Kh2 f4 32. gxf4 Rxh3+ 33. Bxh3 Rxh3+ 34. Qxh3 Bxh3 35. Kxh3 Qh6+ 36. Kg2 Qh5 37. fxg5+ Ke8 38. Rff2 Qg4+ 39. Kf1 Qh3+ 40. Ke1 Qd3 41. Bc3 Be3 42. Rxe3 Qxe3+ 43. Re2 Qxg5 44. Kd1 Qg1+ 45. Kc2 Qf1 46. Kd3 Qd1+ 47. Rd2 Qf3+ 48. Kc2 Qxe4+ 49. Kb3 Qf3 50. d6 Kd7 51. Rd5 1/2-1/2

[Event "Montcalm op 4 2010-11"]
[Site "Quebec CAN"]
[Date "2011.01.20"]
[Round "2"]
[White "Marquis, Paul"]
[Black "Auger, Bertrand"]
[Result "1-0"]
[WhiteElo "1997"]
[BlackElo "1935"]
[PlyCount "67"]
[GameId "2160767909821134"]
[EventDate "2011.01.13"]
[EventType "swiss"]
[EventRounds "5"]
[EventCountry "CAN"]
[SourceTitle "EXT 2022"]
[Source "ChessBase"]
[SourceDate "2021.10.06"]
[SourceVersion "1"]
[SourceVersionDate "2021.10.06"]
[SourceQuality "1"]

1. e4 e6 2. d4 d5 3. Nc3 Bb4 4. e5 Ne7 5. f4 c5 6. a3 Bxc3+ 7. bxc3 Nbc6 8. Nf3 Qa5 9. Bd2 Qc7 10. Bd3 c4 11. Be2 Bd7 12. O-O O-O 13. Qe1 f6 14. Qh4 Nf5 15. Qh3 Be8 16. g4 Nh6 17. exf6 Rxf6 18. g5 Rg6 19. Nh4 Nf5 20. Nxf5 exf5 21. Qxf5 Rd6 22. Qg4 h5 23. Qh4 Qe7 24. Rae1 Re6 25. Bf3 Re4 26. Bxe4 dxe4 27. f5 Bf7 28. Rxe4 Qd7 29. g6 Bd5 30. Re2 Rf8 31. Qxh5 Rf6 32. Rfe1 Kf8 33. Qh8+ Bg8 34. Re8+ 1-0

[Event "Montcalm op 4 2010-11"]
[Site "Quebec CAN"]
[Date "2011.01.20"]
[Round "2"]
[White "Perron, Jonathan"]
[Black "Caire, Francois"]
[Result "0-1"]
[WhiteElo "2143"]
[BlackElo "2261"]
[PlyCount "85"]
[GameId "2160767909821135"]
[EventDate "2011.01.13"]
[EventType "swiss"]
[EventRounds "5"]
[EventCountry "CAN"]
[SourceTitle "EXT 2022"]
[Source "ChessBase"]
[SourceDate "2021.10.06"]
[SourceVersion "1"]
[SourceVersionDate "2021.10.06"]
[SourceQuality "1"]

1. e4 c6 2. d4 d5 3. Nc3 b5 4. a3 dxe4 5. Nxe4 Bf5 6. Ng3 Bg6 7. Nf3 Nd7 8. Bd3 Bxd3 9. Qxd3 Ngf6 10. O-O e6 11. a4 b4 12. Re1 Be7 13. Ne5 Nxe5 14. dxe5 Qxd3 15. cxd3 Nd5 16. Bd2 c5 17. Ne4 O-O 18. Rec1 Rac8 19. a5 Rfd8 20. Rc4 f5 21. Ng5 Rc6 22. Kf1 Rdc8 23. Nf3 Kf7 24. Bg5 Bf8 25. h4 Ke8 26. Ke2 Kd7 27. Bd2 Rb8 28. Ng5 h6 29. Nh3 Rb5 30. f3 Ra6 31. g4 Rbxa5 32. Rxa5 Rxa5 33. Nf4 Nxf4+ 34. Bxf4 fxg4 35. fxg4 Be7 36. h5 Kc6 37. Kf3 Kd5 38. Rc2 Ra1 39. Rg2 Bg5 40. Rf2 a5 41. Bxg5 hxg5 42. Ke3 a4 43. Kd2 0-1

[Event "Montcalm op 4 2010-11"]
[Site "Quebec CAN"]
[Date "2011.01.27"]
[Round "3"]
[White "Auger, Bertrand"]
[Black "Perron, Jonathan"]
[Result "1/2-1/2"]
[WhiteElo "1935"]
[BlackElo "2143"]
[PlyCount "71"]
[GameId "2160767909821136"]
[EventDate "2011.01.13"]
[EventType "swiss"]
[EventRounds "5"]
[EventCountry "CAN"]
[SourceTitle "EXT 2022"]
[Source "ChessBase"]
[SourceDate "2021.10.06"]
[SourceVersion "1"]
[SourceVersionDate "2021.10.06"]
[SourceQuality "1"]

1. d4 Nf6 2. Nf3 e6 3. g3 b5 4. a4 b4 5. Bg2 Bb7 6. O-O Be7 7. c4 O-O 8. Nbd2 Na6 9. Qc2 c5 10. b3 cxd4 11. Bb2 Nc5 12. Bxd4 Nfe4 13. Nxe4 Bxe4 14. Qb2 Bf6 15. Rad1 Bxd4 16. Qxd4 Rc8 17. Qe3 Bc2 18. Rd2 Bxb3 19. Rb1 Bxc4 20. Ne5 Ba6 21. Nc6 Qf6 22. Qxc5 dxc6 23. Qxb4 Rfd8 24. Bf3 c5 25. Qa5 Rxd2 26. Qxd2 Qd4 27. Qa5 Bc4 28. Qc7 Qd8 29. Qxa7 Bd5 30. Rd1 g6 31. Qa6 Ra8 32. Qd3 Rxa4 33. Qc3 Rd4 34. Rxd4 cxd4 35. Qxd4 Qa5 36. Bxd5 1/2-1/2

[Event "Montcalm op 4 2010-11"]
[Site "Quebec CAN"]
[Date "2011.01.27"]
[Round "3"]
[White "Bourassa, Andre"]
[Black "Bleau, John"]
[Result "1-0"]
[WhiteElo "1783"]
[BlackElo "1835"]
[PlyCount "45"]
[GameId "2160767909821137"]
[EventDate "2011.01.13"]
[EventType "swiss"]
[EventRounds "5"]
[EventCountry "CAN"]
[SourceTitle "EXT 2022"]
[Source "ChessBase"]
[SourceDate "2021.10.06"]
[SourceVersion "1"]
[SourceVersionDate "2021.10.06"]
[SourceQuality "1"]

1. d4 Nf6 2. c4 e6 3. Nc3 d5 4. Bg5 Bb4 5. e3 O-O 6. Nf3 h6 7. h4 hxg5 8. hxg5 Ne4 9. Qc2 f5 10. O-O-O Bxc3 11. bxc3 c6 12. g6 Nd7 13. Bd3 Qf6 14. Nh4 Qe7 15. c5 b6 16. f4 bxc5 17. Rh3 c4 18. Bxe4 dxe4 19. Rdh1 Rf6 20. Qa4 Qe8 21. Nxf5 Rxg6 22. Rh8+ Kf7 23. Nd6+ 1-0

[Event "Montcalm op 4 2010-11"]
[Site "Quebec CAN"]
[Date "2011.01.27"]
[Round "3"]
[White "Caron, Sebastien"]
[Black "Marquis, Paul"]
[Result "1/2-1/2"]
[WhiteElo "1928"]
[BlackElo "1997"]
[PlyCount "121"]
[GameId "2160767909821138"]
[EventDate "2011.01.13"]
[EventType "swiss"]
[EventRounds "5"]
[EventCountry "CAN"]
[SourceTitle "EXT 2022"]
[Source "ChessBase"]
[SourceDate "2021.10.06"]
[SourceVersion "1"]
[SourceVersionDate "2021.10.06"]
[SourceQuality "1"]

1. e4 d6 2. d4 Nf6 3. Nc3 g6 4. f4 Bg7 5. Nf3 c5 6. d5 O-O 7. Bd3 a6 8. a4 Qc7 9. Qe2 Bg4 10. O-O Nbd7 11. h3 Bxf3 12. Rxf3 Rfc8 13. Qe1 c4 14. Bf1 Rab8 15. g4 b5 16. axb5 axb5 17. Nd1 Nc5 18. Nf2 Nfd7 19. Kh2 Na4 20. c3 Nac5 21. Be3 Ra8 22. Bxc5 Nxc5 23. Re3 Nb3 24. Rb1 Ra2 25. Re2 Rca8 26. Nh1 Ra1 27. Rxa1 Rxa1 28. Qf2 Qc5 29. Kg2 Qxf2+ 30. Kxf2 Nc5 31. Ng3 Nd3+ 32. Ke3 Rb1 33. Rc2 Nxb2 34. Be2 Na4 35. Ra2 Nxc3 36. Ra8+ Bf8 37. Rb8 Rb3 38. Kf2 e6 39. dxe6 fxe6 40. g5 d5 41. Bg4 Kf7 42. Rb7+ Be7 43. f5 exf5 44. exf5 gxf5 45. Nxf5 Ne4+ 46. Ke1 Nxg5 47. Rxe7+ Kf6 48. Rd7 h5 49. Rxd5 hxg4 50. hxg4 Rb2 51. Nd4 b4 52. Rc5 c3 53. Rc6+ Ke5 54. Ne2 Ne4 55. Kf1 c2 56. Nc1 Kf4 57. Nd3+ Ke3 58. Nxb2 Nc3 59. Re6+ Ne4 60. Rc6 Nc3 61. Re6+ 1/2-1/2

[Event "Montcalm op 4 2010-11"]
[Site "Quebec CAN"]
[Date "2011.02.02"]
[Round "4"]
[White "Caire, Francois"]
[Black "Auger, Bertrand"]
[Result "0-1"]
[WhiteElo "2261"]
[BlackElo "1935"]
[PlyCount "58"]
[GameId "2160767909821139"]
[EventDate "2011.01.13"]
[EventType "swiss"]
[EventRounds "5"]
[EventCountry "CAN"]
[SourceTitle "EXT 2022"]
[Source "ChessBase"]
[SourceDate "2021.10.06"]
[SourceVersion "1"]
[SourceVersionDate "2021.10.06"]
[SourceQuality "1"]

1. d4 d5 2. Nf3 Nf6 3. c4 e6 4. g3 Be7 5. Bg2 O-O 6. O-O b6 7. Nc3 Bb7 8. cxd5 Nxd5 9. Nxd5 Bxd5 10. Qc2 f5 11. Bf4 Nc6 12. Qa4 b5 13. Qd1 g5 14. Be3 f4 15. gxf4 gxf4 16. Bc1 Bd6 17. Kh1 Kh8 18. b3 Rg8 19. Bb2 Qf6 20. Rg1 Rg6 21. Ne5 Rxg2 22. Rxg2 Bxg2+ 23. Kxg2 Nxe5 24. dxe5 Bxe5 25. Bxe5 Qxe5 26. Rc1 Rg8+ 27. Kh1 Qg5 28. Qd4+ e5 29. Qe4 f3 0-1

[Event "Montcalm op 4 2010-11"]
[Site "Quebec CAN"]
[Date "2011.02.02"]
[Round "4"]
[White "Perron, Jonathan"]
[Black "Caron, Sebastien"]
[Result "1/2-1/2"]
[WhiteElo "2129"]
[BlackElo "1928"]
[PlyCount "61"]
[GameId "2160767909821140"]
[EventDate "2011.01.13"]
[EventType "swiss"]
[EventRounds "5"]
[EventCountry "CAN"]
[SourceTitle "EXT 2022"]
[Source "ChessBase"]
[SourceDate "2021.10.06"]
[SourceVersion "1"]
[SourceVersionDate "2021.10.06"]
[SourceQuality "1"]

1. e4 e5 2. Nf3 d6 3. d4 exd4 4. Qxd4 Nf6 5. Nc3 Be7 6. Bg5 O-O 7. O-O-O Nc6 8. Qd2 Be6 9. h3 a6 10. g4 b5 11. Bxf6 Bxf6 12. g5 Be7 13. h4 Ne5 14. Nd4 c5 15. Nf5 Bxf5 16. exf5 Nf3 17. Qd5 Nd4 18. f6 gxf6 19. gxf6 Bxf6 20. Bd3 Be5 21. Rdg1+ Kh8 22. Rg5 f5 23. Kb1 Ra7 24. Rhg1 Rg7 25. Rxg7 Bxg7 26. Qb7 Be5 27. f4 Rg8 28. Rf1 Rg7 29. Qxa6 c4 30. Bxf5 Bxf4 31. Be4 1/2-1/2

[Event "Montcalm op 4 2010-11"]
[Site "Quebec CAN"]
[Date "2011.02.03"]
[Round "4"]
[White "Bluteau, Yvon"]
[Black "Bourassa, Andre"]
[Result "1-0"]
[WhiteElo "1879"]
[BlackElo "1783"]
[PlyCount "75"]
[GameId "2160767909821141"]
[EventDate "2011.01.13"]
[EventType "swiss"]
[EventRounds "5"]
[EventCountry "CAN"]
[SourceTitle "EXT 2022"]
[Source "ChessBase"]
[SourceDate "2021.10.06"]
[SourceVersion "1"]
[SourceVersionDate "2021.10.06"]
[SourceQuality "1"]

1. d4 Nf6 2. c4 e6 3. g3 d5 4. Bg2 c6 5. cxd5 exd5 6. Nc3 Bf5 7. Nf3 Bd6 8. a4 O-O 9. Nh4 Be6 10. O-O Qd7 11. e4 dxe4 12. Nxe4 Nxe4 13. Bxe4 f5 14. Bc2 Qf7 15. Re1 Bd5 16. Nxf5 Kh8 17. f4 Bb4 18. Bd2 Bxd2 19. Qxd2 Be6 20. Nd6 Qf6 21. Ne4 Qh6 22. Ra3 Nd7 23. Rae3 Nb6 24. b3 Nd5 25. R3e2 Bg4 26. Rf2 Rae8 27. Ng5 Nf6 28. Rxe8 Nxe8 29. Qe3 Nd6 30. Qe5 Qf6 31. Nxh7 Qxe5 32. dxe5 Re8 33. exd6 Bh3 34. Rd2 Re1+ 35. Kf2 Rh1 36. Ke3 c5 37. f5 Re1+ 38. Kf4 1-0

[Event "Montcalm op 4 2010-11"]
[Site "Quebec CAN"]
[Date "2011.02.09"]
[Round "5"]
[White "Bourassa, Andre"]
[Black "Sauve, Richard"]
[Result "1-0"]
[WhiteElo "1783"]
[BlackElo "1900"]
[PlyCount "89"]
[GameId "2160767909821142"]
[EventDate "2011.01.13"]
[EventType "swiss"]
[EventRounds "5"]
[EventCountry "CAN"]
[SourceTitle "EXT 2022"]
[Source "ChessBase"]
[SourceDate "2021.10.06"]
[SourceVersion "1"]
[SourceVersionDate "2021.10.06"]
[SourceQuality "1"]

1. d4 d5 2. c4 e6 3. Nc3 c6 4. e3 Bd6 5. Nf3 f5 6. Ne5 Nf6 7. f4 O-O 8. Be2 Ne4 9. O-O b6 10. cxd5 Nxc3 11. bxc3 cxd5 12. c4 Ba6 13. cxd5 Bxe2 14. Qxe2 exd5 15. Bb2 Nd7 16. Rac1 Nf6 17. Rc6 Rc8 18. Rfc1 Rxc6 19. Rxc6 Ne4 20. g3 Qe8 21. Qb5 Bxe5 22. Qxd5+ Kh8 23. dxe5 Qh5 24. Rc2 Qf3 25. Qd3 Nc5 26. Qe2 Qd5 27. Ba3 Rd8 28. Bxc5 bxc5 29. e6 Re8 30. Qc4 Qxc4 31. Rxc4 Rc8 32. e7 Re8 33. Rxc5 g6 34. Re5 Kg7 35. e4 fxe4 36. Rxe4 Kf6 37. g4 h5 38. h3 hxg4 39. hxg4 Rxe7 40. Rxe7 Kxe7 41. Kf2 Ke6 42. Ke3 Kd5 43. Kd3 a5 44. a4 Kc5 45. Ke4 1-0

[Event "Montcalm op 4 2010-11"]
[Site "Quebec CAN"]
[Date "2011.02.09"]
[Round "5"]
[White "Caron, Sebastien"]
[Black "Caire, Francois"]
[Result "0-1"]
[WhiteElo "1928"]
[BlackElo "2261"]
[PlyCount "76"]
[GameId "2160767909821143"]
[EventDate "2011.01.13"]
[EventType "swiss"]
[EventRounds "5"]
[EventCountry "CAN"]
[SourceTitle "EXT 2022"]
[Source "ChessBase"]
[SourceDate "2021.10.06"]
[SourceVersion "1"]
[SourceVersionDate "2021.10.06"]
[SourceQuality "1"]

1. e4 c5 2. Nc3 Nc6 3. f4 g6 4. Nf3 Bg7 5. g3 d6 6. Bg2 e5 7. d3 Nge7 8. O-O O-O 9. Be3 Nd4 10. Qd2 Bg4 11. Bxd4 cxd4 12. Ne2 Qd7 13. c3 dxc3 14. bxc3 Rac8 15. Rab1 f5 16. h3 Bh5 17. Qe3 Nc6 18. exf5 gxf5 19. Ng5 Rce8 20. Bd5+ Kh8 21. Qd2 h6 22. Nf3 e4 23. Nfd4 e3 24. Bxc6 bxc6 25. Qc1 Bxd4 26. Nxd4 e2 27. Re1 c5 28. Nb3 Rg8 29. Kh2 Qg7 30. g4 fxg4 31. c4 gxh3 32. Qb2 Qxb2 33. Rxb2 Re3 34. d4 Rg2+ 35. Kh1 Reg3 36. Rbb1 Rf2 37. Nd2 Rgg2 38. Rb8+ Kg7 0-1

[Event "Montcalm op 4 2010-11"]
[Site "Quebec CAN"]
[Date "2011.02.09"]
[Round "5"]
[White "Marquis, Paul"]
[Black "Perron, Jonathan"]
[Result "0-1"]
[WhiteElo "1997"]
[BlackElo "2129"]
[PlyCount "54"]
[GameId "2160767909821144"]
[EventDate "2011.01.13"]
[EventType "swiss"]
[EventRounds "5"]
[EventCountry "CAN"]
[SourceTitle "EXT 2022"]
[Source "ChessBase"]
[SourceDate "2021.10.06"]
[SourceVersion "1"]
[SourceVersionDate "2021.10.06"]
[SourceQuality "1"]

1. e4 c5 2. c3 g6 3. d4 cxd4 4. cxd4 d5 5. e5 Bg7 6. Nc3 Nh6 7. Nf3 O-O 8. Bf4 Bg4 9. Be2 e6 10. Qd2 Nf5 11. h3 Bxf3 12. Bxf3 Nc6 13. Be3 f6 14. exf6 Qxf6 15. O-O Ncxd4 16. Bg4 Nxe3 17. fxe3 Qg5 18. Qd3 Nf5 19. e4 Ne3 20. Qd2 d4 21. Bxe6+ Kh8 22. Rxf8+ Rxf8 23. Nd5 Qe5 24. Nxe3 dxe3 25. Qd7 Qxb2 26. Rd1 Qf2+ 27. Kh1 e2 0-1

[Event "Montcalm op 5 2010-11"]
[Site "Quebec CAN"]
[Date "2011.02.16"]
[Round "1"]
[White "Boutin, Jean-Roger"]
[Black "Perron, Jonathan"]
[Result "1/2-1/2"]
[WhiteElo "1630"]
[BlackElo "2123"]
[PlyCount "79"]
[GameId "2160767909804412"]
[EventDate "2011.02.16"]
[EventType "swiss"]
[EventRounds "5"]
[EventCountry "CAN"]
[SourceTitle "EXT 2022"]
[Source "ChessBase"]
[SourceDate "2021.10.06"]
[SourceVersion "1"]
[SourceVersionDate "2021.10.06"]
[SourceQuality "1"]

1. Nf3 g6 2. g3 d6 3. d4 Bg7 4. Bg2 Nd7 5. c4 e5 6. dxe5 dxe5 7. Nc3 Ne7 8. O-O O-O 9. e4 c6 10. Qc2 Qc7 11. Be3 Nf6 12. Rad1 Ng4 13. Bc5 Rd8 14. h3 Nh6 15. Rxd8+ Qxd8 16. Rd1 Qe8 17. Bd6 f6 18. Bc7 Be6 19. b3 Rc8 20. Ba5 Nf7 21. c5 g5 22. Nh2 Ng6 23. Ng4 Bxg4 24. hxg4 Nf8 25. Ne2 Ne6 26. Bd2 Rd8 27. Be3 Rd7 28. b4 Qd8 29. Rxd7 Qxd7 30. Kf1 Bf8 31. a3 Be7 32. f3 Kf8 33. Ke1 Nc7 34. Nc3 Qe6 35. Bf1 a6 36. Bd3 Nd8 37. Nb1 Qd7 38. Bc4 Nde6 39. Qd3 Qe8 40. Qd2 1/2-1/2

[Event "Montcalm op 5 2010-11"]
[Site "Quebec CAN"]
[Date "2011.02.16"]
[Round "1"]
[White "Caire, Francois"]
[Black "Doyon, Stephane"]
[Result "1-0"]
[WhiteElo "2241"]
[BlackElo "1659"]
[PlyCount "53"]
[GameId "2160767909804413"]
[EventDate "2011.02.16"]
[EventType "swiss"]
[EventRounds "5"]
[EventCountry "CAN"]
[SourceTitle "EXT 2022"]
[Source "ChessBase"]
[SourceDate "2021.10.06"]
[SourceVersion "1"]
[SourceVersionDate "2021.10.06"]
[SourceQuality "1"]

1. d4 Nf6 2. c4 g6 3. f3 Bg7 4. e4 d6 5. Nc3 O-O 6. Nge2 Nc6 7. Bg5 a6 8. Qd2 Rb8 9. d5 Ne5 10. Ng3 c5 11. Be2 Qa5 12. f4 Ned7 13. a4 Qc7 14. Rd1 Re8 15. O-O h6 16. Bh4 Nh7 17. e5 Ndf8 18. Nce4 Bf5 19. Nxf5 gxf5 20. Bxe7 Qxe7 21. Nxd6 Bxe5 22. fxe5 Qxe5 23. Nxe8 Rxe8 24. Bd3 Qd4+ 25. Kh1 Ng6 26. Qxh6 Qxb2 27. Bxf5 1-0

[Event "Montcalm op 5 2010-11"]
[Site "Quebec CAN"]
[Date "2011.02.16"]
[Round "1"]
[White "Chiffot, Nicolas"]
[Black "Dumont, Eric"]
[Result "1-0"]
[WhiteElo "1994"]
[BlackElo "1622"]
[PlyCount "99"]
[GameId "2160767909804414"]
[EventDate "2011.02.16"]
[EventType "swiss"]
[EventRounds "5"]
[EventCountry "CAN"]
[SourceTitle "EXT 2022"]
[Source "ChessBase"]
[SourceDate "2021.10.06"]
[SourceVersion "1"]
[SourceVersionDate "2021.10.06"]
[SourceQuality "1"]

1. e4 c5 2. Nc3 g6 3. d3 Nc6 4. Be3 d6 5. g3 Bg7 6. Bg2 Nf6 7. h3 O-O 8. Qd2 a6 9. f4 e6 10. Nf3 Qc7 11. g4 Re8 12. O-O b5 13. f5 d5 14. Bg5 d4 15. Ne2 e5 16. fxg6 fxg6 17. Nfxd4 Nxe4 18. Nxb5 axb5 19. Bxe4 Be6 20. Nc3 Rab8 21. Nd5 Bxd5 22. Bxd5+ Kh8 23. Rf7 Qd6 24. Qg2 Nd4 25. Raf1 Ne2+ 26. Qxe2 Qxd5 27. Qf2 e4 28. Be3 exd3 29. cxd3 Rxe3 30. Rxg7 Rxh3 31. Qf6 Rg3+ 32. Kf2 Qg2+ 33. Ke1 Re3+ 34. Kd1 Qxg4+ 35. Kc1 Qe6 36. Rxh7+ Kxh7 37. Rh1+ Rh3 38. Qxe6 Rxh1+ 39. Kd2 Rh5 40. Qf7+ Kh8 41. Qxg6 Rh2+ 42. Kc3 b4+ 43. Kb3 c4+ 44. dxc4 Rh3+ 45. Ka4 Ra8+ 46. Kxb4 Ra4+ 47. Kxa4 Ra3+ 48. Kb4 Rb3+ 49. Kc5 Rb5+ 50. Kd4 1-0